000
00290nam a2200121Ia 4500
008
150201s2011 xx 000 0 und d
082
_a
620.1
_b
KUM
100
_a
Kumar,Ranjan
245
_a
Applied mechanics
260
_b
AITBS Publications
_a
Delhi
_c
2011
300
_a
382p.
942
_2
ddc
_c
BK
999
_c
5283
_d
5283